Lande ved Billede #1 - Statistics

General Stats
  • This quiz has been taken 349 times
  • The average score is 6 of 15
Answer Stats
Picture Answer % Correct
Australien
93%
Brasilien
80%
Japan
67%
Rusland
66%
Island
53%
Mexico
53%
Tyskland
48%
Thailand
43%
Canada
28%
Forenede Arabiske Emirater
24%
Norge
22%
Israel / Palæstina
21%
Indien
15%
Venezuela
8%
New Zealand
4%
No matching quizzes found
Score Distribution
Percent of People with Each Score
Percentile by Number Answered
Your Score History
You have not taken this quiz